Changing course : A Global business perspective on development and the environment

محفوظ في:
التفاصيل البيبلوغرافية
المؤلف الرئيسي: Schmidheiny, Stephan
التنسيق: كتاب
اللغة:Undetermined
منشور في: London The MIT Press 1992
الموضوعات:
الوسوم: إضافة وسم
لا توجد وسوم, كن أول من يضع وسما على هذه التسجيلة!
Thư viện lưu trữ: Trung tâm Học liệu Trường Đại học Cần Thơ
LEADER 00546nam a2200169Ia 4500
001 CTU_79220
008 210402s9999 xx 000 0 und d
082 |a 363.7 
082 |b S438 
100 |a Schmidheiny, Stephan 
245 0 |a Changing course : 
245 2 |b A Global business perspective on development and the environment 
260 |a London 
260 |b The MIT Press 
260 |c 1992 
650 |a Economic development,Environmental policy,International business enterprises 
980 |a Trung tâm Học liệu Trường Đại học Cần Thơ